Normal view
MARC view
- Largo, Brian Austin
Entry Personal Name
001 - CONTROL NUMBER
- control field: 32789
003 - CONTROL NUMBER IDENTIFIER
- control field: OSt
005 - DATE AND TIME OF LATEST TRANSACTION
- control field: 20181204112913.0
008 - FIXED-LENGTH DATA ELEMENTS
- fixed length control field: 181204|| aca||aabn | a|a d
040 ## - CATALOGING SOURCE
- Original cataloging agency: OSt
- Transcribing agency: OSt
100 ## - HEADING--PERSONAL NAME
- Personal name: Largo, Brian Austin
670 ## - SOURCE DATA FOUND
- Source citation: Work cat.: (OSt): Fuentes, Sydrex John R. 32788, Um digos college teacher tracker using gps /, April 2017
